პოლკ. სტეფან ბურნაშევის სამი ნაშრომი კავკასიის შესახებ / (ბიბ.ჩანაწერი № 58628)
[ მარტივი ფორმატი ]
| 000 -ლიდერი | |
|---|---|
| ფიქსირებული სიგრძის საკონტროლო ველი | 01921nam a22002657a 4500 |
| 003 - საკონტროლო ნომრის იდენტიფიკატორი | |
| საკონტროლო ველი | Ge_BSU |
| 005 - ბოლო ოპერაციის თარიღი და დრო | |
| საკონტროლო ველი | 20220617140608.0 |
| 008 - ფიქსირებული სიგრძის მონაცემთა ელემენტები - ზოგადი ინფორმაცია | |
| ფიქსირებული სიგრძის საკონტროლო ველი | 220617s2020 ge ||||| |||| 00| 0 geo d |
| 020 ## - წიგნის საერთაშორისო სტანდარტული ნომერი | |
| International Standard Book Number | 9789941487675 |
| 041 ## - ენის კოდი | |
| Language code of text/sound track or separate title | geo |
| 080 ## - უნივერსალური ათობითი კლასიფიკაციის ინდექსი | |
| Universal Decimal Classification number | 94(470:479.22) ბ-97 |
| 100 ## - მთავარი ჩანაწერი - პიროვნების სახელი | |
| Personal name | ბურნაშევი, სტეფან |
| 9 (RLIN) | 14140 |
| 245 ## - ცნობა სათაურის შესახებ | |
| Title | პოლკ. სტეფან ბურნაშევის სამი ნაშრომი კავკასიის შესახებ / |
| Statement of responsibility, etc | რუსულიდან თარგმნა, გამოკვლევა, განმარტებები და საძიებლები დაურთო დავით მერკვილაძემ ; გარეკანის დიზაინი ილია ხელაია. |
| 264 ## - წარმოების, გამოცემის, დისტრიბუციის და სხვა ცნობები | |
| გამოცემის, წარმოების, დისტრიბუციის... ადგილი | თბილისი : |
| გამოცემის, წარმოების, დისტრიბუციის... სახელწოდება | არტანუჯი, |
| გამოცემის, წარმოების, დისტრიბუციის... თარიღი | 2020. |
| 300 ## - ფიზიკური აღწერა | |
| Extent | 272 გვ. ; |
| Other physical details | 21 სმ. |
| 490 ## - სერიის ცნობა | |
| Series statement | არტანუჯის წყაროები, 1612-4452 / სერიის მთავარი რედაქტორი ბუბა კუდავა ; |
| Volume number/sequential designation | 19 |
| 500 ## - ზოგადი შენიშვნა | |
| General note | სათაური გარეკანზე : კავკასია მე 18 ს. 2 ნახევარში. |
| 501 ## - შენიშვნა თანმხლებ მასალაზე | |
| With note | საძიებლები: გვ. 245-269 შენიშვნები და განმარტებები: გვ. 107-153 |
| 520 ## - SUMMARY, ETC. | |
| Summary, etc | რეზიუმე ინგლისურ ენაზე. |
| 653 ## - INDEX TERM--UNCONTROLLED | |
| Uncontrolled term | კავკასიის ისტორია. |
| 653 ## - INDEX TERM--UNCONTROLLED | |
| Uncontrolled term | საქართველოს ისტორიის უცხოური წყაროები. |
| 653 ## - INDEX TERM--UNCONTROLLED | |
| Uncontrolled term | რუსეთ-საქართველოს ურთიერთობის ისტორია. |
| 700 ## - ADDED ENTRY--PERSONAL NAME | |
| Personal name | მერკვილაძე, დავით |
| Relator term | მთარგმნელი |
| 9 (RLIN) | 14141 |
| 942 ## - ADDED ENTRY ELEMENTS (KOHA) | |
| Source of classification or shelving scheme | |
| Koha item type | წიგნი |
| ჩამოწერის სტატუსი | დაკარგული ეგზემპლარის სტატუსი | კლასიფიკაციის წყარო ან თაროზე გაწყობის სქემა | დაზიანების სტატუსი | არ გაიცემა | მუდმივი მდებარეობა (დაცვის ადგილი) | ამჟამინდელი ადგილსამყოფელი | თაროზე განთავსების ადგილი | შეძენის თარიღი | ღირებულება, შესყიდვის ნორმალური ფასი | სრული შენახვის შიფრი | შტრიხკოდი | ბოლო ოპერაციის თარიღი | ეგზემპლარის მიმდევრობითი ნომერი (კეტერი?) | ფასის ძალაში შესვლის თარიღი | ეგზემპლარის სახეობა | საჯარო შენიშვნა |
|---|---|---|---|---|---|---|---|---|---|---|---|---|---|---|---|---|
| ბათუმის შოთა რუსთაველის სახელმწიფო უნივერსიტეტის მთავარი ბიბლიოთეკა | ბათუმის შოთა რუსთაველის სახელმწიფო უნივერსიტეტის მთავარი ბიბლიოთეკა | წიგნსაცავი | 2022-06-17 | 20.00 | 94(470:479.22) ბ-97 | 62709 | 2022-06-17 | 62709 | 2022-06-17 | წიგნი | 20 ლ. | |||||
| ბათუმის შოთა რუსთაველის სახელმწიფო უნივერსიტეტის მთავარი ბიბლიოთეკა | ბათუმის შოთა რუსთაველის სახელმწიფო უნივერსიტეტის მთავარი ბიბლიოთეკა | წიგნსაცავი | 2022-06-17 | 20.00 | 94(470:479.22) ბ-97 | 62710 | 2022-06-17 | 62710 | 2022-06-17 | წიგნი | 20 ლ. | |||||
| ბათუმის შოთა რუსთაველის სახელმწიფო უნივერსიტეტის მთავარი ბიბლიოთეკა | ბათუმის შოთა რუსთაველის სახელმწიფო უნივერსიტეტის მთავარი ბიბლიოთეკა | წიგნსაცავი | 2022-06-17 | 20.00 | 94(470:479.22) ბ-97 | 62711 | 2022-06-17 | 62711 | 2022-06-17 | წიგნი | 20 ლ. |
